| 000 | 00763nam a2200181Ia 4500 | ||
|---|---|---|---|
| 008 | 100917s9999 xx 000 0 und d | ||
| 082 | _b26492 | ||
| 100 | _aदेवळे शंभुराव रामचंद्र / पाटील भा. दो. | ||
| 245 | _aभारताचा पोलादी पुरूष (आवृत्ती 1ली) | ||
| 260 |
_bनीतिन प्रकाशन _c1975 |
||
| 300 | _a68 | ||
| 365 | _b4 | ||
| 520 | _aबालविभाग | ||
| 630 | _aभारताचा पोलादी पुरूष (आवृत्ती 1ली) | ||
| 650 | _aबालविभाग | ||
| 730 | _aभारताचा पोलादी पुरूष (आवृत्ती 1ली) | ||
| 942 | _cBOOK | ||
| 999 |
_c631886 _d631883 |
||